The Economics Of Tropical Farm Management, (Record no. 25531)
[ view plain ]
| 000 -LEADER | |
|---|---|
| fixed length control field | 00329nam a22001217a 4500 |
| 040 ## - CATALOGING SOURCE | |
| Transcribing agency | RUA |
| 082 ## - DEWEY DECIMAL CLASSIFICATION NUMBER | |
| Classification number | CAM LON 1986 C160 Or. |
| 100 ## - MAIN ENTRY--AUTHOR NAME | |
| Personal name | LONDON, NEW YORK, NEW ROCHELLE, MELBOURN SYDNEY. |
| 245 ## - TITLE STATEMENT | |
| Title | The Economics Of Tropical Farm Management, |
| 260 ## - PUBLICATION, DISTRIBUTION, ETC. (IMPRINT) | |
| Place of publication | PHNOM PENH |
| Name of publisher | RUA |
| Year of publication | 1986 |
| 300 ## - PHYSICAL DESCRIPTION | |
| Number of Pages | 178p. |
| Other physical details | ill. |
| Dimensions | 29cm. |
| 942 ## - ADDED ENTRY ELEMENTS (KOHA) | |
| Koha item type | សៀវភៅភាសាអង់គ្លេស |
| 952 ## - LOCATION AND ITEM INFORMATION (KOHA) | |
| Withdrawn status [LOCAL, KOHA] | 0 |
| Permanent Location | Date acquired | Koha item type | Lost status | Shelving location | Barcode | Current Location | Full call number |
|---|---|---|---|---|---|---|---|
| Library Block C | 2026-03-04 | សៀវភៅភាសាអង់គ្លេស | C160 | C034442 | Library Block C | CAM LON 1986 C160 Or. |